00890nam a2200241Ia 450000500170000000800410001702000180005805000140007610000290009024501210011926000380024030000180027833700100029633800140030633900140032050001220033465000230045665000190047965000360049894200070053495200900054199900170063120231102151236.0120630s 1997sp d 000 0 spa d a9788477384496 aHM24bV35 aVALLES, Miguel S.eautor00aTecnicas cualitativas de investigacion social b: reflexion metodologica y practica profesionalc/ Miguel S. Valles aEspañab : Síntesisc , 1997 a430 páginas atexto asin medio avolúmen aPlan Flexible Psicología / Métodos cualitativos cuantitativos en investigación pedagógica (M03-2) (19 000894) aCiencias sociales  a Investigacion a- Metodologia\Ciencias sociales cLB 00104070a19b19d2015-07-02l0oHM24 V35p19 000894r2013-09-18t1w2013-09-18yLB c78337d78337